000 00444nam a2200157 a 4500
001 15445
005 20180713204123.0
008 140415s1951 000 0 spa d
041 _aspa
082 _a111.1
_bMIL
100 1 _aMILLAN PUELLES, ANTONIO
245 1 0 _aONTOLOGIA DE LA EXISTENCIA HISTORICA
260 _a[s.l.] :
_bFILOSOFIA DE LA CULTURA,
_c1951
300 _a193
650 1 4 _aANTROPOLOGIA FILOSOFICA
_xONTOLOGIA
999 _c15445
_d15445